نفح الطيب من غصن الأندلس الرطيب وذكر وزيرها لسان الدين بن الخطيب / ;;; Nafḥ al-ṭīb min ghuṣn al-Andalus al-raṭīb wa-dhikr wazīrahā Lisān al-ddīn ibn al-Khaṭīb / (Record no. 79188)
[ view plain ]
| 000 -LEADER | |
|---|---|
| fixed length control field | 01516cam a2200325 i 4500 |
| 001 - CONTROL NUMBER | |
| control field | 79188 |
| 003 - CONTROL NUMBER IDENTIFIER | |
| rucl marc code | BD-RjUL |
| 005 - DATE AND TIME OF LATEST TRANSACTION | |
| control field | 20220116135831.0 |
| 008 - FIXED-LENGTH DATA ELEMENTS--GENERAL INFORMATION | |
| fixed length control field | 220116s1884 ua 000 0 ara |
| 035 ## - SYSTEM CONTROL NUMBER | |
| System control number | (BD-RjUL)79188 |
| 040 ## - CATALOGING SOURCE | |
| Original cataloging agency | DLC |
| Language of cataloging | eng |
| Transcribing agency | DLC |
| Description conventions | rda |
| Modifying agency | DLC |
| 041 ## - LANGUAGE CODE | |
| Language code of text/sound track or separate title | ara |
| 082 ## - DEWEY DECIMAL CLASSIFICATION NUMBER | |
| Edition number | 23 |
| Classification number | 946.04 |
| Author mark and year | MAN 1884 |
| 100 1# - MAIN ENTRY--PERSONAL NAME | |
| Personal name | مقري، أحمد بن محمد، ;; Maqqarī, Aḥmad ibn Muḥammad, |
| Dates associated with a name | -1631 or 1632, |
| Relator term | author. |
| 9 (RLIN) | 751 |
| 245 10 - TITLE STATEMENT | |
| Title | نفح الطيب من غصن الأندلس الرطيب وذكر وزيرها لسان الدين بن الخطيب / ;;; Nafḥ al-ṭīb min ghuṣn al-Andalus al-raṭīb wa-dhikr wazīrahā Lisān al-ddīn ibn al-Khaṭīb / |
| Statement of responsibility, etc. | Ahmed bin Mohammed Makri, ;; أحمد بن محمد مقري |
| 246 18 - VARYING FORM OF TITLE | |
| Title proper/short title | نفح الطيب ;; Nafḥ al-ṭīb |
| Title proper/short title | كتاب نفح الطيب من غصن الأندلس الرطيب ;; Kitāb nafḥ al-ṭīb min ghuṣn al-Andalus al-raṭīb |
| 264 #0 - PRODUCTION, PUBLICATION, DISTRIBUTION, MANUFACTURE, AND COPYRIGHT NOTICE | |
| Place of production, publication, distribution, manufacture | القاهر : ;; al-Qāhira : |
| Name of producer, publisher, distributor, manufacturer | المطبعة الازهرية، ;; al-Maṭbaʻah al-Azhariah , |
| Date of production, publication, distribution, manufacture, or copyright notice | 1884 |
| 300 ## - PHYSICAL DESCRIPTION | |
| Pagination | 4 volumes ; |
| Size | 26 cm |
| 336 ## - CONTENT TYPE | |
| Content type term | text |
| Source | rdacontent |
| 337 ## - MEDIA TYPE | |
| Media type term | unmediated |
| Source | rdamedia |
| 338 ## - CARRIER TYPE | |
| Carrier type term | volume |
| Source | rdacarrier |
| 505 ## - FORMATTED CONTENTS NOTE | |
| Formatted contents note | V-2.--v.3.--v.4.-- |
| 600 00 - SUBJECT ADDED ENTRY--PERSONAL NAME | |
| Personal name | Ibn al-Khaṭīb, |
| Dates associated with a name | 1313-1374. |
| 650 #0 - SUBJECT ADDED ENTRY--TOPICAL TERM | |
| Topical term or geographic name as entry element | Arabs |
| Geographic subdivision | Spain. |
| 9 (RLIN) | 753 |
| Topical term or geographic name as entry element | Spain |
| General subdivision | History |
| Chronological subdivision | 711-1516. |
| 9 (RLIN) | 754 |
| 700 1# - ADDED ENTRY--PERSONAL NAME | |
| Personal name | منصوري، محمود الإمام، ;; Manṣūrī, Maḥmūd al-Imām, |
| 942 ## - ADDED ENTRY ELEMENTS (KOHA) | |
| Source of classification or shelving scheme | Dewey Decimal Classification |
| Koha item type | Books |
| Lost status | Source of classification or shelving scheme | Damaged status | Not for loan | Collection code | Permanent Location | Current Location | Shelving location | Date acquired | Full call number | Date last seen | Copy number | Koha item type |
|---|---|---|---|---|---|---|---|---|---|---|---|---|
| Dewey Decimal Classification | Not For Loan | Non-fiction | Central Library, University of Rajshahi | Central Library, University of Rajshahi | Reading Room | 16/01/2022 | A 946.04 MAN V-2 1884 | 16/01/2022 | C-1 | Books | ||
| Dewey Decimal Classification | Not For Loan | Non-fiction | Central Library, University of Rajshahi | Central Library, University of Rajshahi | Reading Room | 16/01/2022 | A 946.04 MAN V-3 1884 | 16/01/2022 | C-1 | Books | ||
| Dewey Decimal Classification | Not For Loan | Non-fiction | Central Library, University of Rajshahi | Central Library, University of Rajshahi | Reading Room | 16/01/2022 | A 946.04 MAN V-4 1884 | 16/01/2022 | C-1 | Books |